003590000a2200085000450024501300000004100140013070000170014410000210016177300910018210aNotas sobre la biología de Uca (Minuca) Panamensis (Stimpson, 1859) Crustacea, (Ocipodidae) y su distribución en Colombia0 aEspañol1 aGuhl, Felipe1 aVon Prahl, Henry1 tAnales del Instituto de Investigaciones Marinas de Punta de Betính11q147-152d1979